Baby Names: Ambiguous Gender Quiz Stats

Quiz Updated Feb 16, 2012

Challenge
Share
Tweet
Embed
Score 0/53 Timer 10:00
8 Plays Today
# boys name % Correct
97,518Taylor
45.5%
99,521Chris
43.8%
301,211Jordan
40.1%
77,558Jamie
35.8%
11,580Ashley
33.9%
2,896,174Michael
28%
516,890Tyler
27.6%
830,454Ryan
27.1%
59,231Kelly
26.9%
42,843Jessie
24.2%
26,488Leslie
23.7%
30,285Morgan
23%
187,166Terry
19.9%
205,344Cameron
19.7%
84,307Lee
19.2%
60,005Riley
18.7%
283,802Shawn
16.1%
100,289Casey
16%
50,188Alexis
15.8%
21,007Jackie
15.5%
12,007Jean
15.4%
48,835Tracy
15%
21,537Robin
14.3%
155,473Angel
13.8%
28,300Dana
13.5%
30,286Avery
13.1%
47,929Shannon
12.8%
# boys name % Correct
16,400Bailey
12.6%
56,245Jaime
12.4%
28,398Peyton
12.4%
16,992Stacy
12.4%
198,028Logan
12%
154,874Adrian
12%
73,791Jayden
11.9%
320,393Christian
11.3%
62,217Devon
10%
75,524Dakota
10%
16,789Payton
10%
17,423Courtney
10%
28,859Kerry
9.5%
20,271Sidney
9.4%
38,731Ashton
9.4%
131,601Devin
9.2%
28,382Skyler
8.8%
12,909Skylar
8.8%
11,140Stacey
8%
24,905Kendall
6.9%
15,516Harley
6.3%
25,242Jody
6.3%
13,104Ariel
5.3%
33,973Rene
5%
19,697Dominique
3.4%
12,070Guadalupe
2.7%

You're not logged in!

Compare scores with friends on all Sporcle quizzes.
Join for Free
OR
Log In

You Might Also Like...

Show Comments

Extras

Top Quizzes Today


Score Distribution

Your Account Isn't Verified!

In order to create a playlist on Sporcle, you need to verify the email address you used during registration. Go to your Sporcle Settings to finish the process.

Report this User

Report this user for behavior that violates our Community Guidelines.

Details: